Doctor Strange Franchise - Statistics

General Stats
  • This quiz has been taken 25 times
  • The average score is 7 of 16
Answer Stats
Type Year Name Info % Correct
Comic Series 1968-1969 Doctor Strange Marvel Comics
100%
Comic Series 2015-2018 Doctor Strange Marvel Comics
100%
Film 2016 Doctor Strange Disney
100%
Comic Series 1974-1987 Doctor Strange: Master of the Mystic Arts Marvel Comics
100%
Film 2007 Doctor Strange: The Sorcerer Supreme Lionsgate
100%
TV Film 1978 Dr. Strange CBS
100%
Film 2021 Doctor Strange in the Multiverse of Madness Disney
53%
Comic Series 1988-1996 Doctor Strange: Sorcerer Supreme Marvel Comics
6%
Graphic Novel 1989 Doctor Strange & Doctor Doom: Triumph and Torment Roger Stern
0%
Graphic Novel 1986 Doctor Strange: Into Shamballa Dan Green / J. M. DeMatteis
0%
Comic Mini-Series 2016 Doctor Strange: Last Days of Magic Marvel Comics
0%
Novel 1979 Doctor Strange, Master of the Mystic Arts: Nightmare William Rotsler
0%
Comic Mini-Series 1999 Doctor Strange: The Flight of Bones Marvel Comics
0%
Comic Mini-Series 2006-2007 Doctor Strange: The Oath Marvel Comics
0%
Graphic Novel 1997 Dr. Strange: What Is It That Disturbs You, Stephen? Marc Andreyko
0%
Graphic Novel 1992 Spider-Man/Dr. Strange: The Way to Dusty Death (Various Authors)
0%
No matching quizzes found
Score Distribution
Percent of People with Each Score
Percentile by Number Answered
Your Score History
You have not taken this quiz